TOP 10 Departures From Turkish Super League - Statistics

General Stats
  • This quiz has been taken 16 times
  • The average score is 8 of 10
Answer Stats
Value Team Player % Correct
20M Real Madrid Arda Güler
100%
22.5M Everton Cenk Tosun
100%
30M Brighton Ferdi Kadıoğlu
94%
30M Bayern Munich Sacha Boey
94%
18.5M Lille Yusuf Yazıcı
88%
21M Real Madrid Elvir Baljic
63%
20M Leipzig Romulo
63%
20M Spartak Moscow Gedson Fernandes
56%
21M Lazio Vedat Muriqi
56%
19M Bayern Munich Kim Min-Je
44%
No matching quizzes found
Score Distribution
Percent of People with Each Score
Percentile by Number Answered
Your Score History
You have not taken this quiz